000 00395nam a22001217a 4500
082 _a621.303 NEW'K
100 _aBOOTH, CRISTOPHER.J , KURPIS, G.P
_967398
245 _aTHE NEW IEEE STANDARD DICTIONARY OF ELECTRICAL, ELECTRONICS AND COMPUTER TERMS , INCLUDING ABSTRACTS OF ALL CURRENT IEEE STANDARDS
250 _a5TH
260 _aNEW DELHI
_bGALGOTIA
_c1994
300 _a161P
942 _cBK
999 _c575190
_d575190